| 000 | 01087nam a2200289Ia 4500 | ||
|---|---|---|---|
| 003 | GCL | ||
| 005 | 20240530104156.0 | ||
| 008 | 140319s9999 xx 000 0 ara d | ||
| 040 |
_aGCL / _cGCL |
||
| 082 | 0 | 4 |
_a539.7 _bا ا |
| 100 | _4الكسندر ، بيتر | ||
| 245 | 1 | 0 |
_aالاشعاع الذرى والحياة / _cتاليف الكسندر ، بيتر ، ترجمة محمد غريب عبدالجليل ؛ فتحى سلام ، راجعة ابراهيم ابوسنة |
| 260 |
_aالقاهرة : _bدار سعد مصر |
||
| 300 |
_a263 ص : _bصور ؛ _c24 سم |
||
| 490 |
_aالالف كتاب _v283 |
||
| 650 | 0 | 4 | _aالكيمياء |
| 650 | 0 | 4 | _aالسرطان |
| 650 | 0 | 4 | _aالفيزياء |
| 650 | 0 | 4 | _aالعلاج بالاشعة |
| 650 | 0 | 4 | _aالاشعاع الذرى |
| 650 | 0 | 4 | _aالكيمياء الاشعاعية |
| 650 | 0 | 4 | _aالاشعاع الذرى - تسرب |
| 700 | 1 |
_aفتحى سلام _eمترجم |
|
| 700 | 1 |
_aمحمد غريب عبدالجليل _eمترجم |
|
| 700 | 1 |
_aابراهيم ابو سنة _eمراجع |
|
| 942 |
_2ddc _cBK |
||
| 999 |
_c45227 _d45227 |
||